| 000 | 00576nam a2200229Ia 4500 | ||
|---|---|---|---|
| 001 | dia_2926 | ||
| 003 | CHAP | ||
| 005 | 20230526104223.0 | ||
| 008 | 220117s-S-A xx 000 0 und d | ||
| 010 | _a173428 | ||
| 020 | _a84-305-9848 | ||
| 040 | _cCHAP | ||
| 082 | _a663.22 C6 | ||
| 245 | _aComo Hacer Vino | ||
| 260 |
_aMadrid, (EspaƱa) Susaeta Ediciones _c-S-A |
||
| 300 | _a80 p. | ||
| 650 |
_aVino _xelaboración _9119861 |
||
| 901 | _a663.22 C6 | ||
| 902 | _aM | ||
| 905 | _a000000-S-A- MADA 0000000000ESP00 | ||
| 942 |
_cLIBRO _2ddc |
||
| 999 |
_c173428 _d173428 |
||